Triple Picture Click Easier 3 Quiz Stats

 Plays Quiz not verified by Sporcle

Score 0/16 Timer 04:00
0 Plays Today
% Correct
Peppers
(Green,
Red, Bell)
92.5%
Goat
(Kid, Nanny,
Billy)
92%
Road
(Dirt, Private,
Yellow Brick)
92%
Coat
(Rain, Trench,
Fur)
90.2%
Saw
(Rip, Hack,
Buzz)
88.5%
Hats
(Pillbox,
Stovepipe, Derby)
87.9%
Hills
(Blueberry,
Bunker, Faith)
86.2%
Marx Brothers
(Duck Soup, Animal
Crackers, Horse Feathers)
84.7%
% Correct
Balls
(Snow, Gum,
Moth)
81.3%
Cats
(Bob, Tom,
Alley)
81.2%
Decathalon
(Robert Mathias, Rafer
Johnson, Bruce Jenner)
76.1%
Baseball Nicknames
(The Splendid Splinter,
Charlie Hustle, The Say Hey Kid)
69.9%
Jane
(Dick, Tarzan,
Ted Turner)
64.6%
Smith
(Silver, Black,
Lock)
63.2%
Loaded
(Question, Gun,
Dishwasher)
55.4%
Darts Games
(Baseball, 301,
Cricket)
52.1%

You're not logged in!

Compare scores with friends on all Sporcle quizzes.
OR
Log In

Show Comments

Extras

Top Quizzes Today


Score Distribution

Your Account Isn't Verified!

In order to create a playlist on Sporcle, you need to verify the email address you used during registration. Go to your Sporcle Settings to finish the process.

Report this User

Report this user for behavior that violates our Community Guidelines.

Details: